[Event "NZ Junior 2011"]
[Site "?"]
[Date "2011.07.26"]
[Round "2.9"]
[White "Zhu, Leo"]
[Black "Kolev, Hristo"]
[Result "1/2-1/2"]
[WhiteElo "1625"]
[BlackElo "1567"]
[PlyCount "118"]
[EventDate "2011.07.29"]
[SourceDate "2011.07.29"]

1. e4 c5 2. Nf3 d6 3. d4 cxd4 4. Nxd4 Nf6 5. Nc3 a6 6. Be2 e5 7. Nb3 Be7 8. O-O
Nbd7 9. Be3 b5 10. a3 Bb7 11. Bf3 Rc8 12. Qd3 O-O 13. Qe2 Rxc3 14. bxc3 Bxe4
15. Bxe4 Nxe4 16. c4 Qc7 17. cxb5 Nc3 18. Qd3 e4 19. Qd2 axb5 20. Nd4 d5 21.
Bf4 Qc5 22. Nf5 Rc8 23. Be3 d4 24. Bxd4 Qxf5 25. Bxc3 Qe6 26. Rfd1 Ne5 27. Bxe5
Qxe5 28. Rab1 Qc7 29. Qd7 Qxd7 30. Rxd7 Bxa3 31. Rxb5 h6 32. Rd2 Bc5 33. Kf1 f5
34. Ke2 f4 35. h3 e3 36. Rxc5 Rxc5 37. fxe3 Re5 38. Rd3 fxe3 39. Rxe3 Rg5 40.
Kf2 Rc5 41. Re2 g5 42. Ke3 Rc8 43. Kd4 Rd8+ 44. Kc4 Rc8+ 45. Kb3 Rb8+ 46. Kc3
Rc8+ 47. Kb2 Rb8+ 48. Kc1 Kf7 49. c4 Rc8 50. Rc2 Ke6 51. Kd2 Kd6 52. Kd3 Kc5
53. Rf2 Kb4 54. Rb2+ Kc5 55. Rb5+ Kc6 56. Kd4 Rd8+ 57. Rd5 Rf8 58. Ke5 Rf2 59.
g4 Re2+ {Draw agreed} 1/2-1/2

[Event "NZ Junior 2011"]
[Site "?"]
[Date "2011.07.26"]
[Round "2.10"]
[White "Lam, Byron"]
[Black "Ang, Alphaeus"]
[Result "0-1"]
[WhiteElo "1582"]
[BlackElo "1613"]
[PlyCount "124"]
[EventDate "2011.07.29"]
[SourceDate "2011.07.29"]

1. e4 Nc6 2. Nf3 d5 3. exd5 Qxd5 4. Nc3 Qd6 5. Bb5 a6 6. Ba4 Bf5 7. O-O e6 8.
d3 Nf6 9. Be3 Be7 10. Nd4 O-O 11. Nxf5 exf5 12. Qf3 Qd7 13. Rfe1 Bd6 14. Bxc6
bxc6 15. Ne2 c5 16. Ng3 Bxg3 17. Qxg3 Qd6 18. Bf4 Qc6 19. Bxc7 Rac8 20. Be5
Rfe8 21. Qg5 Qe6 22. Bc3 h6 23. Rxe6 hxg5 24. Rxa6 Nd5 25. Ba5 Nb4 26. Bxb4
cxb4 27. Rc1 Rxc2 28. Rf1 Rxb2 29. g3 Rd2 30. Rb6 Rxa2 31. Rxb4 Rd2 32. Rd4 Rc8
33. Re1 Rcc2 34. Rf1 Rc3 35. Rd5 g6 36. Re1 Rcxd3 37. Rxd3 Rxd3 38. Re3 Rxe3
39. fxe3 g4 40. Kg2 Kg7 41. h3 Kf6 42. hxg4 fxg4 43. Kf2 Kf5 44. Kg2 Ke4 45.
Kf2 Kd3 46. e4 Kxe4 47. Ke2 f6 48. Kf2 Kd3 49. Kf1 Ke3 50. Kg2 Ke2 51. Kh1 Kf1
52. Kh2 Kf2 53. Kh1 Kxg3 54. Kg1 Kh3 55. Kh1 g3 56. Kg1 g2 57. Kf2 Kh2 58. Kf3
g1=Q 59. Kf4 Qe1 60. Kf3 Kh3 61. Kf4 Kg2 62. Kg4 Qe4# 0-1

[Event "NZ Junior 2011"]
[Site "?"]
[Date "2011.07.26"]
[Round "2.11"]
[White "Gong, Daniel"]
[Black "Qin, Joy"]
[Result "1/2-1/2"]
[WhiteElo "817"]
[BlackElo "1251"]
[PlyCount "96"]
[EventDate "2011.07.29"]
[SourceDate "2011.07.29"]

1. e4 e6 2. d4 d5 3. e5 c5 4. c3 Nc6 5. Nf3 Qb6 6. Bd3 Bd7 7. Bc2 f6 8. b3 cxd4
9. cxd4 Bb4+ 10. Kf1 fxe5 11. dxe5 Nge7 12. Bb2 Bc5 13. Qd2 O-O 14. Nc3 Nxe5
15. Na4 Bxa4 16. Bxe5 Bb5+ 17. Kg1 h6 18. Nd4 Bxd4 19. Bxd4 Qd6 20. Qc3 Qf4 21.
f3 Rac8 22. Qb2 Qg5 23. Re1 Nc6 24. Be3 Qe7 25. Bf2 Nb4 26. Bb1 a6 27. a3 Nd3
28. Bxd3 Bxd3 29. b4 Qf6 30. Qxf6 Rxf6 31. h3 Rc6 32. Kh2 Rf7 33. Re3 Rc2 34.
Bh4 Bb5 35. Rxe6 Rxf3 36. Rhe1 Bd7 37. R6e3 Rxe3 38. Rxe3 Bc6 39. Kg1 d4 40.
Rg3 Bb5 41. Bf6 d3 42. Bxg7 Kh7 43. Be5 d2 44. Rg7+ Kh8 45. Rg3+ Kh7 46. Rg7+
Kh8 47. Rg3+ Kh7 48. Rg7+ Kh8 {Drawn by repetition} 1/2-1/2

[Event "NZ Junior 2011"]
[Site "?"]
[Date "2011.07.26"]
[Round "2.12"]
[White "Zhu, Martin"]
[Black "Timergazi, Layla"]
[Result "1-0"]
[WhiteElo "1173"]
[BlackElo "1514"]
[PlyCount "77"]
[EventDate "2011.07.29"]
[SourceDate "2011.07.29"]

1. e4 c6 2. Nf3 d5 3. e5 Bf5 4. d4 e6 5. Be3 Qb6 6. b3 Bb4+ 7. c3 Bxb1 8. cxb4
Bg6 9. b5 Ne7 10. bxc6 Nbxc6 11. Bd3 Bxd3 12. Qxd3 Nf5 13. O-O O-O 14. Ng5 h6
15. Nf3 Rac8 16. h3 Nb4 17. Qd2 Rc2 18. Qd1 Nxe3 19. fxe3 Rxa2 20. Rxa2 Nxa2
21. Qb1 Nc3 22. Qd3 Ne4 23. Rd1 Rc8 24. Nd2 Nxd2 25. Rxd2 Qb4 26. Rf2 Rc3 27.
Qf1 Qa3 28. Qb5 Rxb3 29. Qe8+ Qf8 30. Qa4 Ra3 31. Qb5 Qc8 32. Qf1 Rc3 33. Kh2
Rc1 34. Qe2 Rc2 35. Qxc2 Qxc2 36. Rxc2 a5 37. Rb2 a4 38. Rxb7 a3 39. Ra7 {
Black resigns} 1-0

[Event "NZ Junior 2011"]
[Site "?"]
[Date "2011.07.26"]
[Round "2.14"]
[White "Zhu, Crystal"]
[Black "Qin, Nicole"]
[Result "1-0"]
[WhiteElo "1155"]
[BlackElo "544"]
[PlyCount "69"]
[EventDate "2011.07.29"]
[SourceDate "2011.07.29"]

1. e4 e6 2. d4 d5 3. exd5 exd5 4. c4 c6 5. Nf3 Be7 6. cxd5 cxd5 7. Bd3 Nf6 8.
O-O O-O 9. Nc3 Nc6 10. Bf4 b6 11. Re1 Bb7 12. Qc2 Qd7 13. Be5 Nxe5 14. Nxe5 Qc7
15. Nxd5 Bxd5 16. Qxc7 Rfe8 17. Nd7 Nxd7 18. Qxd7 Be6 19. Qb5 Rad8 20. Bc4 Bxc4
21. Qxc4 Rc8 22. Qa4 a5 23. Qd7 Rcd8 24. Qc7 Rb8 25. Rxe7 Rec8 26. Qf4 Rf8 27.
Rc1 f6 28. Qg3 g6 29. h3 Rbc8 30. Rxc8 Rxc8 31. Qh4 Kf8 32. Qxh7 Rc1+ 33. Kh2
Rh1+ 34. Kxh1 b5 35. Qf7# 1-0

[Event "NZ Junior 2011"]
[Site "?"]
[Date "2011.07.26"]
[Round "2.15"]
[White "Wang, Aaron"]
[Black "Fan, Allen"]
[Result "0-1"]
[WhiteElo "547"]
[BlackElo "1153"]
[PlyCount "56"]
[EventDate "2011.07.29"]
[SourceDate "2011.07.29"]

1. e4 e5 2. Nf3 Nc6 3. Bc4 Nf6 4. Nc3 Bb4 5. a3 Bxc3 6. dxc3 O-O 7. O-O h6 8.
h3 d6 9. Re1 Ne7 10. Be3 b6 11. b4 Nxe4 12. Bd3 Nf6 13. c4 Bb7 14. c3 e4 15.
Bc2 exf3 16. Qxf3 Bxf3 17. Red1 Bxd1 18. Bxd1 Nf5 19. Bf4 Re8 20. Bc2 Nh4 21.
Bg3 Ne4 22. Bxe4 Rxe4 23. c5 Nf5 24. Bxd6 cxd6 25. cxd6 Qxd6 26. f3 Qg3 27.
fxe4 Ne3 28. Rc1 Qxg2# 0-1

[Event "NZ Junior 2011"]
[Site "?"]
[Date "2011.07.26"]
[Round "2.16"]
[White "Jin, Kelvin"]
[Black "Li, Leo"]
[Result "1-0"]
[WhiteElo "1091"]
[BlackElo "637"]
[PlyCount "39"]
[EventDate "2011.07.29"]
[SourceDate "2011.07.29"]

1. e4 e5 2. Nf3 Nc6 3. Bc4 h6 4. d3 Be7 5. O-O Nf6 6. Be3 d6 7. Nbd2 Bg4 8. h3
Bh5 9. c3 Bg6 10. Re1 Qd7 11. Nf1 O-O-O 12. Ng3 Kb8 13. b4 Ka8 14. a4 a6 15. b5
Na7 16. bxa6 bxa6 17. Bxa6 Rb8 18. Qc2 Rhg8 19. d4 exd4 20. cxd4 {Black resigns
} 1-0

[Event "NZ Junior 2011"]
[Site "?"]
[Date "2011.07.26"]
[Round "2.17"]
[White "Chen, Catherin"]
[Black "Li, Rodney"]
[Result "1-0"]
[WhiteElo "1077"]
[BlackElo "790"]
[PlyCount "39"]
[EventDate "2011.07.29"]
[SourceDate "2011.07.29"]

1. e4 c5 2. Nf3 d6 3. Nc3 Nf6 4. h3 Nc6 5. Bb5 a6 6. Bxc6+ bxc6 7. d3 d5 8. O-O
d4 9. e5 Nd5 10. Nxd5 cxd5 11. Re1 Bf5 12. c3 dxc3 13. bxc3 c4 14. dxc4 dxc4
15. Qa4+ Qd7 16. Qxc4 Qb5 17. Qxb5+ axb5 18. Nd4 Bd7 19. Bf4 e6 20. Bg5 {
Remaining moves cannot be deciphered - Black resigned on about move 35. The
sole scoresheet available has the following: 20. Bg5 O-O 21. Bf4 f6 22. R(f)b1
fxe 23. fxe cxd 24. cxd Bc6 25. Bd6 Rfd8 26. Be5 Rb8 27. Bxb8 Rxb8 28. Rc1 Bd5
29. a4 bxa 30. Rxa4 Rf8 31. f3 Rf6 32. Rc8+ Kf7 33.Ra7+ Kg6 34. R(c)c7 Rf7 35.
Rxf7 Resigns} 1-0

[Event "NZ Junior 2011"]
[Site "?"]
[Date "2011.07.26"]
[Round "2.18"]
[White "Zhang, Jasmine"]
[Black "Jiang, Rocky"]
[Result "0-1"]
[WhiteElo "712"]
[BlackElo "1070"]
[PlyCount "146"]
[EventDate "2011.07.29"]
[SourceDate "2011.07.29"]

1. e4 e6 2. d4 d5 3. exd5 exd5 4. c4 c6 5. Nc3 Nf6 6. Qb3 Bd6 7. Bd2 Bc7 8. Nf3
O-O 9. Be2 b6 10. Rg1 Bg4 11. h3 Be6 12. Bg5 Nbd7 13. cxd5 cxd5 14. h4 h6 15.
Bd2 Re8 16. Qc2 Nf8 17. Qc1 Ng4 18. Bf4 Bxf4 19. Qxf4 Ng6 20. Qd2 Nf6 21. Rh1
h5 22. g3 Bg4 23. Ng5 Re7 24. f3 Bf5 25. Kd1 Qd7 26. f4 Bg4 27. a3 Bxe2+ 28.
Nxe2 Rae8 29. Rh2 Qg4 30. Rc1 Re3 31. Rg2 a5 32. Kc2 Rc8+ 33. Kb1 Rxc1+ 34.
Kxc1 Re8 35. Kb1 Ne4 36. Qd3 Nxg5 37. hxg5 Qh3 38. Qf3 Qh1+ 39. Ka2 h4 40. Rf2
Qxf3 41. Rxf3 Rxe2 42. f5 Ne7 43. gxh4 Re4 44. h5 Rxd4 45. f6 gxf6 46. gxf6 Nc6
47. Rh3 Rg4 48. Kb3 b5 49. Kc3 Kh7 50. Kd3 Kh6 51. Ke3 Rg5 52. Kf4 Rxh5 53.
Rxh5+ Kxh5 54. Kf5 d4 55. Kf4 Kg6 56. b3 Kxf6 57. Kf3 Ke5 58. Ke2 f5 59. Kf3 f4
60. a4 bxa4 61. bxa4 Na7 62. Ke2 Ke4 63. Kd2 f3 64. Ke1 Ke3 65. Kd1 f2 66. Kc2
f1=Q 67. Kb2 Qe2+ 68. Kb3 Qd3+ 69. Kb2 Qc3+ 70. Kb1 Kd3 71. Ka2 Qb4 72. Ka1 Kc3
73. Ka2 Qb2# 0-1

[Event "NZ Junior 2011"]
[Site "?"]
[Date "2011.07.26"]
[Round "2.19"]
[White "Lin, Anna"]
[Black "Simmons, Joshua"]
[Result "0-1"]
[WhiteElo "1001"]
[BlackElo "808"]
[PlyCount "38"]
[EventDate "2011.07.29"]
[SourceDate "2011.07.29"]

1. e4 e5 2. Nf3 Nc6 3. Bb5 a6 4. Ba4 Nf6 5. d3 d5 6. Bxc6+ bxc6 7. Nxe5 Bd6 8.
Nxc6 Qd7 9. Nd4 O-O 10. O-O Bc5 11. c3 dxe4 12. dxe4 Nxe4 13. Re1 Bxd4 14. Rxe4
Bxf2+ 15. Kxf2 Qxd1 16. Na3 Bb7 17. Re3 Rfe8 18. Nc4 Qc2+ 19. Kg1 Qxg2# 0-1

[Event "NZ Junior 2011"]
[Site "?"]
[Date "2011.07.26"]
[Round "2.22"]
[White "Lim, Arvin"]
[Black "Yan, Sarah"]
[Result "1-0"]
[WhiteElo "874"]
[BlackElo "920"]
[PlyCount "71"]
[EventDate "2011.07.29"]
[SourceDate "2011.07.29"]

1. e4 e5 2. Nf3 Nc6 3. Bb5 Nf6 4. O-O Bc5 5. Nc3 h6 6. d3 d6 7. h3 Bd7 8. Qe2
O-O 9. Be3 Bxe3 10. Qxe3 Nh5 11. Bxc6 bxc6 12. d4 Qf6 13. dxe5 dxe5 14. Rad1
Rad8 15. Qxa7 Rfe8 16. Qxc7 Be6 17. Rxd8 Rxd8 18. Nxe5 Nf4 19. Nxc6 Qg5 20.
Qxd8+ Qxd8 21. Nxd8 Bc4 22. Rb1 Kf8 23. b4 Ke8 24. Nc6 f6 25. b5 Kd7 26. Na5
Be6 27. b6 Kc8 28. b7+ Kb8 29. Nc6+ Kc7 30. Na7 Kb8 31. Nc6+ Kc7 32. b8=Q+ Kxc6
33. Qxf4 Kc5 34. Qd2 g5 35. Na4+ Kc4 36. Qd3# 1-0

[Event "NZ Junior 2011"]
[Site "?"]
[Date "2011.07.27"]
[Round "3.1"]
[White "James, Jack"]
[Black "Li, Luke"]
[Result "0-1"]
[WhiteElo "1784"]
[BlackElo "2223"]
[PlyCount "54"]
[EventDate "2011.07.29"]
[SourceDate "2011.07.29"]

1. Nf3 Nf6 2. d4 e6 3. e3 c5 4. c3 d5 5. Be2 Nc6 6. O-O Bd6 7. dxc5 Bxc5 8. b4
Bd6 9. b5 Ne5 10. Nbd2 O-O 11. Qc2 Bd7 12. Bb2 Rc8 13. Rac1 Nc4 14. Nxc4 dxc4
15. Qa4 Qc7 16. Nd2 a6 17. Bxc4 axb5 18. Bxb5 Ra8 19. Qb3 Bxb5 20. Qxb5 Ra5 21.
Qc4 Rc5 22. Qd3 Bxh2+ 23. Kh1 Rh5 24. Rfe1 Ng4 25. Ne4 f5 26. g3 fxe4 27. Qe2
Nxf2+ {White resigns} 0-1

[Event "NZ Junior 2011"]
[Site "?"]
[Date "2011.07.27"]
[Round "3.2"]
[White "Gao, Hans"]
[Black "Huang, Alex"]
[Result "1/2-1/2"]
[WhiteElo "2124"]
[BlackElo "2028"]
[PlyCount "55"]
[EventDate "2011.07.29"]
[SourceDate "2011.07.29"]

1. e4 c5 2. Nc3 Nc6 3. g3 g6 4. Bg2 Bg7 5. d3 d6 6. f4 f5 7. Nf3 Nh6 8. O-O O-O
9. h3 Qa5 10. Bd2 b5 11. Ng5 Bd7 12. exf5 Nxf5 13. Bd5+ Kh8 14. g4 Bd4+ 15. Kh2
Ne3 16. Bxe3 Bxe3 17. Nf7+ Rxf7 18. Bxf7 Rf8 19. Qe1 Bd4 20. Bd5 b4 21. Ne4
Bxb2 22. Rb1 Bg7 23. Ng5 h6 24. Qe4 hxg5 25. Bxc6 Bxc6 26. Qxc6 gxf4 27. Qd5
Be5 28. Rf2 {Draw agreed} 1/2-1/2

[Event "NZ Junior 2011"]
[Site "?"]
[Date "2011.07.27"]
[Round "3.3"]
[White "Li, William"]
[Black "Zhu, Martin"]
[Result "1-0"]
[WhiteElo "1975"]
[BlackElo "1173"]
[PlyCount "103"]
[EventDate "2011.07.29"]
[SourceDate "2011.07.29"]

1. e4 e6 2. d4 d5 3. exd5 exd5 4. c4 dxc4 5. Bxc4 Nf6 6. Nc3 Bd6 7. Nf3 O-O 8.
O-O Bg4 9. h3 Bh5 10. Be3 Nbd7 11. Rc1 c6 12. Bg5 Bb8 13. d5 Qc7 14. g3 h6 15.
Bf4 Qc8 16. Bxb8 Rxb8 17. Be2 Nb6 18. dxc6 Qxh3 19. cxb7 Rxb7 20. Nh2 Bxe2 21.
Qxe2 Re8 22. Qf3 Rbb8 23. b3 Nbd7 24. Qg2 Qxg2+ 25. Kxg2 Rbc8 26. Nf3 g5 27.
Rfd1 Nb6 28. Nd4 Rc7 29. Ndb5 Rce7 30. Rd6 Kg7 31. Nxa7 Rxa7 32. Rxb6 Rc8 33.
Rxf6 Rxc3 34. Rxc3 Kxf6 35. Rc2 Ke5 36. Kf3 Kd4 37. Rc4+ Ke5 38. a4 Rb7 39. Rc3
Kd4 40. Re3 f5 41. Ke2 f4 42. Rd3+ Ke4 43. f3+ Kf5 44. g4+ Ke6 45. Kd2 Rc7 46.
Rc3 Rxc3 47. Kxc3 Kd5 48. a5 Kc6 49. Kd4 Kb5 50. Ke5 h5 51. gxh5 g4 52. Kxf4 {
Black resigns} 1-0

[Event "NZ Junior 2011"]
[Site "?"]
[Date "2011.07.27"]
[Round "3.4"]
[White "Ang, Alphaeus"]
[Black "Zhang, Leo"]
[Result "1-0"]
[WhiteElo "1613"]
[BlackElo "1554"]
[PlyCount "111"]
[EventDate "2011.07.29"]
[SourceDate "2011.07.29"]

1. d4 Nf6 2. c4 c5 3. d5 b5 4. cxb5 a6 5. bxa6 g6 6. Nc3 Bxa6 7. Nf3 Bg7 8. g3
O-O 9. Bg2 d6 10. O-O Nbd7 11. h3 Qa5 12. Qc2 Rfb8 13. Re1 Qc7 14. e4 c4 15.
Be3 Nc5 16. Bxc5 Qxc5 17. e5 Ne8 18. e6 fxe6 19. dxe6 Qa5 20. Nd4 Bxd4 21. Bxa8
Rxa8 22. Qe4 Bxc3 23. Qxa8 Bxe1 24. Qxe8+ Kg7 25. Qxe7+ Kh6 26. Qf8+ Kh5 27.
Qf3+ Kh6 28. Qf4+ Qg5 29. Qxg5+ Kxg5 30. Rxe1 Bb5 31. e7 Be8 32. Re6 d5 33.
Re5+ Kf6 34. Rxd5 Kxe7 35. Re5+ Kd7 36. Rxe8 Kxe8 37. Kg2 Kd7 38. Kf3 Kd6 39.
Ke4 Kc5 40. Ke5 h6 41. f4 h5 42. g4 h4 43. f5 gxf5 44. gxf5 Kc6 45. Ke6 Kc5 46.
f6 Kd4 47. f7 Kd3 48. f8=Q Kc2 49. Qb4 Kb1 50. Qxc4 Kxb2 51. Qb3+ Ka1 52. Qb4
Kxa2 53. Kd5 Ka1 54. Kc4 Ka2 55. Kc3 Ka1 56. Qb2# 1-0

[Event "NZ Junior 2011"]
[Site "?"]
[Date "2011.07.27"]
[Round "3.5"]
[White "Kong-Lim, Qi Le"]
[Black "Zhu, Leo"]
[Result "0-1"]
[WhiteElo "1535"]
[BlackElo "1625"]
[PlyCount "134"]
[EventDate "2011.07.29"]
[SourceDate "2011.07.29"]

1. e4 c5 2. Nf3 e6 3. d4 cxd4 4. Nxd4 a6 5. Nc3 Qc7 6. Bd3 Bc5 7. Nb3 Ba7 8.
O-O Nf6 9. Qe2 Nc6 10. Be3 Bxe3 11. Qxe3 b5 12. Rfe1 d6 13. Rad1 Nb4 14. f3 O-O
15. a3 Nxd3 16. Rxd3 Bb7 17. Red1 Rfd8 18. Qd2 d5 19. Nc1 Qc5+ 20. Kh1 Nd7 21.
exd5 Ne5 22. Rd4 Nc4 23. Nb3 Qc7 24. d6 Rxd6 25. Rxc4 bxc4 26. Qxd6 Qxd6 27.
Rxd6 cxb3 28. cxb3 Rc8 29. b4 Kf8 30. h3 Ke7 31. Rb6 Rc7 32. b5 a5 33. b4 axb4
34. axb4 Bxf3 35. gxf3 Rxc3 36. Rb7+ Kf6 37. b6 Rb3 38. Rb8 Rxb4 39. b7 Rb2 40.
Kg1 Kf5 41. Rg8 Rxb7 42. Rxg7 h5 43. Kg2 Kf4 44. Rh7 Rb2+ 45. Kg1 Kxf3 46.
Rxf7+ Kg3 47. Rg7+ Kxh3 48. Re7 Kg3 49. Rg7+ Kf4 50. Rh7 Kg5 51. Rh8 e5 52.
Rg8+ Kh4 53. Re8 Rb5 54. Kh2 Kg4 55. Rg8+ Kf3 56. Rf8+ Ke3 57. Kh3 e4 58. Kh4
Ke2 59. Kg3 e3 60. Re8 Rb4 61. Re7 h4+ 62. Kh3 Kd3 63. Rd7+ Rd4 64. Re7 e2 65.
Kg2 Re4 66. Rxe4 Kxe4 67. Kf2 h3 {White resigns} 0-1

[Event "NZ Junior 2011"]
[Site "?"]
[Date "2011.07.27"]
[Round "3.6"]
[White "Jia, Hao"]
[Black "Gong, Daniel"]
[Result "1-0"]
[WhiteElo "1781"]
[BlackElo "817"]
[PlyCount "101"]
[EventDate "2011.07.29"]
[SourceDate "2011.07.29"]

1. e4 c5 2. Nf3 Nc6 3. d4 cxd4 4. Nxd4 Nxd4 5. Qxd4 e6 6. Nc3 d6 7. Bc4 Nf6 8.
O-O Be7 9. h3 O-O 10. Be3 a6 11. a3 Qc7 12. Ba2 Bd7 13. Rfd1 Rac8 14. Bg5 h6
15. Bxf6 Bxf6 16. Qxd6 Bc6 17. Qxc7 Rxc7 18. f3 Bxc3 19. bxc3 Ba4 20. Bb3 Bxb3
21. cxb3 Rxc3 22. Rab1 Rfc8 23. Rd7 R3c7 24. Rbd1 Rc1 25. Rxc1 Rxc1+ 26. Kh2
Ra1 27. a4 b5 28. axb5 axb5 29. Rd8+ Kh7 30. Rb8 Ra7 31. Rxb5 Ra3 32. b4 Rb3
33. Kg3 f5 34. exf5 exf5 35. Kf4 Kg6 36. Rb6+ Kh5 37. Kxf5 g5 38. g4+ Kh4 39.
Rxh6+ Kg3 40. Kxg5 Rxb4 41. Rf6 Kxh3 42. f4 Kg3 43. Kh5 Rb5+ 44. Rf5 Rb8 45. g5
Rh8+ 46. Kg6 Kg4 47. Rf6 Rg8+ 48. Kh7 Rb8 49. g6 Rb7+ 50. g7 Kh5 51. Kh8 {
Black resigns} 1-0

[Event "NZ Junior 2011"]
[Site "?"]
[Date "2011.07.27"]
[Round "3.7"]
[White "Kolev, Hristo"]
[Black "Zhan, Judd"]
[Result "1/2-1/2"]
[WhiteElo "1567"]
[BlackElo "1533"]
[PlyCount "97"]
[EventDate "2011.07.29"]
[SourceDate "2011.07.29"]

1. d4 g6 2. c4 Bg7 3. Nc3 c5 4. d5 Bxc3+ 5. bxc3 Qa5 6. Qb3 Nf6 7. Bd2 O-O 8.
g3 d6 9. Bg2 Nbd7 10. e4 Ne5 11. f4 Nd3+ 12. Ke2 Nxf4+ 13. Bxf4 Bg4+ 14. Kd3
Rab8 15. Qb5 Qc7 16. a4 Rfc8 17. Bh3 a6 18. Qb2 Qd7 19. Bxg4 Nxg4 20. h3 b5 21.
cxb5 c4+ 22. Ke2 Nf6 23. Qc2 axb5 24. axb5 Rxb5 25. Rb1 Ra5 26. Nf3 Rca8 27.
Rb2 Nh5 28. Nd2 e5 29. dxe6 Qxe6 30. Qb1 Kg7 31. Qc2 g5 32. Kf3 gxf4 33. gxf4
Kf8 34. Qb1 Rc5 35. Rb8+ Rc8 36. Rxa8 Rxa8 37. Qb7 Re8 38. Qd5 Qf6 39. Qxh5
Qxc3+ 40. Ke2 Qd3+ 41. Ke1 Rxe4+ 42. Nxe4 Qxe4+ 43. Kf2 Qxh1 44. Qxh7 Qh2+ 45.
Kf3 Qh1+ 46. Kg4 Qg1+ 47. Kf3 Qg7 48. Qf5 Qc3+ 49. Kg4 {Draw agreed} 1/2-1/2

[Event "NZ Junior 2011"]
[Site "?"]
[Date "2011.07.27"]
[Round "3.8"]
[White "Qin, Joy"]
[Black "Zhang, William"]
[Result "0-1"]
[WhiteElo "1251"]
[BlackElo "1667"]
[PlyCount "98"]
[EventDate "2011.07.29"]
[SourceDate "2011.07.29"]

1. e4 c5 2. Nf3 Nc6 3. d4 cxd4 4. Nxd4 g6 5. Be3 Bg7 6. c3 Nf6 7. Nd2 O-O 8.
Rb1 d5 9. exd5 Nxd5 10. N2b3 Nxe3 11. fxe3 Ne5 12. Be2 a6 13. O-O b6 14. Bf3
Ra7 15. Nc6 Nxc6 16. Bxc6 Bb7 17. Qxd8 Rxd8 18. Bxb7 Rxb7 19. Rbd1 Rbd7 20.
Rxd7 Rxd7 21. Nd4 e5 22. Nc6 Rd2 23. Rf2 Rd1+ 24. Rf1 Rd3 25. e4 Re3 26. Nb4
Rxe4 27. Nxa6 Bh6 28. Rd1 Re2 29. Rd5 Rxb2 30. Rxe5 Rxa2 31. Nb4 Ra3 32. Re8+
Kg7 33. Nd5 Bd2 34. c4 Rb3 35. Re2 Bb4 36. Rc2 Bc5+ 37. Kf1 g5 38. Rc3 Rb1+ 39.
Ke2 Rb2+ 40. Kf3 Rf2+ 41. Kg3 h5 42. Kh3 Rf5 43. Ne3 Re5 44. Nf1 g4+ 45. Kg3
Re1 46. Nd2 Bb4 47. Rd3 Rd1 48. Rb3 Bxd2 49. Rxb6 f6 {White resigns} 0-1

[Event "NZ Junior 2011"]
[Site "?"]
[Date "2011.07.27"]
[Round "3.9"]
[White "Li, Jiapeng"]
[Black "Jin, Kelvin"]
[Result "1-0"]
[WhiteElo "1662"]
[BlackElo "1091"]
[PlyCount "157"]
[EventDate "2011.07.29"]
[SourceDate "2011.07.29"]

1. e4 e5 2. Nf3 Nc6 3. Bb5 a6 4. Ba4 Nf6 5. Nc3 b5 6. Bb3 Be7 7. d3 O-O 8. a3
d6 9. h3 Na5 10. Ba2 c6 11. O-O Qc7 12. Bg5 h6 13. Bh4 Bb7 14. b4 Rfd8 15. bxa5
Qxa5 16. Qd2 Qc7 17. Bb3 d5 18. Bxf6 Bxf6 19. Rad1 d4 20. Ne2 c5 21. Ng3 Bc8
22. Bd5 Rb8 23. Rb1 Kh7 24. Rb3 g6 25. Rfb1 Rf8 26. Kf1 Bd7 27. Kg1 a5 28. Qc1
Rb6 29. a4 b4 30. Ra1 Qc8 31. Rbb1 Bg7 32. Bb3 Be6 33. Qf1 Rc6 34. Nd2 Qc7 35.
Qe2 f6 36. Bxe6 Rxe6 37. Qg4 Re7 38. Nc4 Ra8 39. Re1 Rf7 40. Kh2 Rff8 41. Rab1
Qc6 42. Ra1 Qc7 43. Rab1 Qc6 44. Ra1 {
Black could now have claimed a draw by repetition.} Qc7 45. h4 Qc6 46. h5 g5
47. Qf5+ Kg8 48. Qg6 Rfd8 49. Nf5 Ra7 50. Nxe5 Qc7 51. Qxg7+ Qxg7 52. Nxg7 Kxg7
53. Nc6 Rdd7 54. Nxa7 Rxa7 55. e5 fxe5 56. Rxe5 Rc7 57. Rae1 Rc8 58. Re7+ Kf6
59. g4 Rc6 60. R7e5 Kf7 61. Rf5+ Kg7 62. Re7+ Kg8 63. Rff7 Rd6 64. Rg7+ Kh8 65.
Rg6 Rd5 66. Reg7 Rd8 67. Re7 Rd5 68. Ra6 Rd8 69. Rxa5 Rf8 70. f3 Rc8 71. Rb5
Kg8 72. a5 Kf8 73. Rd7 Ke8 74. Rh7 Kd8 75. a6 Rc7 76. Rb8+ Rc8 77. a7 b3 78.
Rxc8+ Kxc8 79. a8=R# 1-0

[Event "NZ Junior 2011"]
[Site "?"]
[Date "2011.07.27"]
[Round "3.11"]
[White "Qian, Bella"]
[Black "Chen, Johnson"]
[Result "1-0"]
[WhiteElo "973"]
[BlackElo "1511"]
[PlyCount "121"]
[EventDate "2011.07.29"]
[SourceDate "2011.07.29"]

1. e4 e5 2. Nf3 Nc6 3. Bb5 a6 4. Bxc6 dxc6 5. Nc3 Bd6 6. d3 h6 7. h3 Nf6 8. Be3
O-O 9. Qd2 Re8 10. O-O-O c5 11. g4 Nd7 12. g5 h5 13. Rhg1 g6 14. h4 c6 15. Na4
b5 16. Nc3 Nb6 17. Nh2 Qc7 18. Rgf1 b4 19. Ne2 Be6 20. Kb1 a5 21. f4 exf4 22.
Bxf4 Bxf4 23. Qxf4 Qxf4 24. Nxf4 c4 25. Nxe6 Rxe6 26. Rf6 Rxf6 27. gxf6 Rd8 28.
Nf3 cxd3 29. Rxd3 Rxd3 30. cxd3 Kf8 31. d4 Nd7 32. Kc2 Ke8 33. e5 Nb6 34. Nd2
a4 35. a3 b3+ 36. Kc3 Nd5+ 37. Kc4 Ne3+ 38. Kd3 {(=)} Nd1 39. Nc4 Kd8 40. Ke2
Nxb2 41. Nxb2 Kd7 42. Nxa4 Kc7 43. Kd3 Kb8 44. Kc3 g5 45. hxg5 h4 46. g6 h3 47.
g7 h2 48. g8=Q+ Kb7 49. Qh7 c5 50. Qxh2 cxd4+ 51. Kxd4 b2 52. Qxb2+ Kc6 53.
Qc3+ Kd7 54. Nb6+ Ke6 55. a4 Kf5 56. Kd5 Kg6 57. Qf3 Kg5 58. Ke4 Kg6 59. Qf5+
Kh6 60. Qg4 Kh7 61. Qg7# 1-0

[Event "NZ Junior 2011"]
[Site "?"]
[Date "2011.07.27"]
[Round "3.12"]
[White "Zhu, Karl"]
[Black "Wang, George"]
[Result "1-0"]
[WhiteElo "1488"]
[BlackElo "1485"]
[PlyCount "143"]
[EventDate "2011.07.29"]
[SourceDate "2011.07.29"]

1. e4 c5 2. Nf3 d6 3. d4 cxd4 4. Nxd4 Nf6 5. Nc3 g6 6. Be3 Bg7 7. f3 Nc6 8. Qd2
Bd7 9. Bc4 O-O 10. O-O-O Rc8 11. Bb3 Re8 12. h4 h5 13. Kb1 Ne5 14. Bg5 Rc5 15.
f4 Nc4 16. Bxc4 Rxc4 17. e5 Ng4 18. Ndb5 Bxb5 19. Nxb5 Qb6 20. Nd4 Rxd4 21.
Qxd4 Qxd4 22. Rxd4 f6 23. exf6 exf6 24. Rxd6 Re7 25. c3 fxg5 26. hxg5 Kf7 27.
g3 Nf2 28. Rh2 Ne4 29. Rd3 Ke8 30. Kc2 Bf8 31. Rf3 Nd6 32. Kd3 Nf5 33. Kc4 Rc7+
34. Kd5 Rc5+ 35. Ke6 Rc6+ 36. Kd5 Rc5+ 37. Ke6 Rc6+ 38. Ke5 Bg7+ 39. Ke4 Re6+
40. Kd5 Rd6+ 41. Kc5 Rc6+ 42. Kb4 Rb6+ 43. Kc4 Rc6+ 44. Kd3 Bf8 45. Rh1 Kd7 46.
Rg1 Rd6+ 47. Kc2 Rc6 48. Rd3+ Kc7 49. g4 hxg4 50. Rxg4 Bd6 51. Kd2 b5 52. Rd5
Rc5 53. Rxc5+ Bxc5 54. Kd3 Bd6 55. Ke4 Kc6 56. Rg1 Ne7 57. Rd1 a6 58. b4 Kc7
59. Rd4 Kc6 60. a3 Nf5 61. Rd1 Ne7 62. Rc1 Kb6 63. c4 bxc4 64. Rxc4 Kb5 65. Rd4
Kc6 66. a4 Kc7 67. Kd3 Kc6 68. b5+ axb5 69. axb5+ Kc5 70. b6 Nc8 71. b7 Na7 72.
Rxd6 {Black resigns} 1-0

[Event "NZ Junior 2011"]
[Site "?"]
[Date "2011.07.27"]
[Round "3.13"]
[White "Fan, Cathy"]
[Black "Yan, Caroline"]
[Result "0-1"]
[WhiteElo "1334"]
[BlackElo "957"]
[PlyCount "60"]
[EventDate "2011.07.29"]
[SourceDate "2011.07.29"]

1. e4 e5 2. Nf3 Nc6 3. d4 exd4 4. Nxd4 Nf6 5. Nxc6 bxc6 6. Nc3 Bb4 7. Bd3 Bxc3+
8. bxc3 O-O 9. O-O Re8 10. Re1 d6 11. h3 h6 12. Qf3 d5 13. Bb2 dxe4 14. Bxe4
Nxe4 15. Rxe4 Rxe4 16. Qxe4 Bb7 17. Qd3 Qxd3 18. cxd3 Ba6 19. d4 Re8 20. a4 Re2
21. Ba3 Rc2 22. Bb4 Bc4 23. g3 Bd5 24. a5 a6 25. Re1 Be6 26. h4 g6 27. Kg2 Bd5+
28. Kh3 Rxf2 29. Re7 Bg2+ 30. Kg4 f5# 0-1